Statistics for Countries w/ 2 borders

Click here to take the quiz!

General Stats

  • This quiz has been taken 3,706 times
    (3,528 since last reset)
  • The average score is 19 of 29

Answer Stats

Answer% Correct
United States
94%
Sweden
87%
Andorra
83%
Panama
82%
Yemen
78%
Costa Rica
75%
Belize
71%
Mongolia
70%
Nepal
70%
Uruguay
70%
Nicaragua
69%
Swaziland
68%
Tunisia
68%
Bhutan
67%
Estonia
64%
El Salvador
63%
Liechtenstein
63%
Ecuador
61%
Kuwait
61%
United Arab Emirates
61%
Netherlands
59%
Bangladesh
56%
Morocco
51%
Lebanon
50%
Moldova
50%
Suriname
48%
Equatorial Guinea
41%
Guinea-Bissau
38%
Sierra Leone
35%

Score Distribution

Percentile by Number Answered

Percent of People with Each Score

Your Score History

You have not taken this quiz since the last reset